000 00282nam a22001337a 4500
008 180820b xxu||||| |||| 00| 0 eng d
020 _a9780312247881
041 _aeng
080 _a37
100 _a49
101 _aEDU
245 _aMAKING IT WORK
_cDIYANI.R
942 _2udc
_cBK
999 _c47238
_d47238